Tổ chức hoạt động dạy học ở các trường trung học
में बचाया:
| मुख्य लेखक: | |
|---|---|
| अन्य लेखक: | |
| स्वरूप: | पुस्तक |
| प्रकाशित: |
H.
Giáo dục
1997
|
| विषय: | |
| टैग : |
टैग जोड़ें
कोई टैग नहीं, इस रिकॉर्ड को टैग करने वाले पहले व्यक्ति बनें!
|
| Thư viện lưu trữ: | Trung tâm Học liệu Lê Vũ Hùng, Trường Đại học Đồng Tháp |
|---|
| LEADER | 00863pam a22002538a 4500 | ||
|---|---|---|---|
| 001 | 00024981 | ||
| 005 | 20171026081022.0 | ||
| 008 | 110727s1997 ||||||Viesd | ||
| 041 | 0 | # | |a Vie |
| 082 | 1 | 4 | |a 373.1 |b T450CH |
| 100 | 0 | # | |a Nguyễn Ngọc Bảo |
| 245 | 0 | 0 | |a Tổ chức hoạt động dạy học ở các trường trung học |c Nguyễn Ngọc Bảo: Ngô Hiệu |
| 260 | # | # | |a H. |b Giáo dục |c 1997 |
| 300 | # | # | |a 93 Tr. |c 21 cm |
| 653 | # | # | |a Các hoạt động |
| 653 | # | # | |a Tổ chức |
| 700 | 0 | # | |a Ngô Hiệu |
| 852 | # | # | |b Kho giáo trình |
| 852 | # | # | |b Kho giáo trình |j KGT.0018742 |
| 852 | # | # | |b Kho mượn |j KGT.0018742 |
| 852 | # | # | |j KGT.0018742 |
| 852 | # | # | |j KGT.0018742 |b Kho giáo trình |
| 910 | |d 27/07/2011 | ||
| 980 | # | # | |a Trung tâm Học liệu Lê Vũ Hùng, Trường Đại học Đồng Tháp |